|
|
|
|
| LEADER |
00000naa a2200000 ar4500 |
| 001 |
vtls010438552 |
| 003 |
SK-MaSNL |
| 005 |
20260302132856.0 |
| 008 |
120725|2011 xo |||||||||||||| b|slo |
| 015 |
|
|
|a SNBRA2012/07
|2 snkbucl
|
| 038 |
|
|
|a SNKBUCL
|
| 040 |
|
|
|a SNKBUCL
|b slo
|e AACR2
|c SNKBUCL
|
| 041 |
0 |
|
|a slo
|
| 044 |
|
|
|a xo
|c SK
|
| 080 |
|
|
|a 82-193.6
|2 2001
|
| 080 |
|
|
|a 929.55
|2 2001
|
| 080 |
|
|
|a 726.54:274/278
|x (437.6)
|2 2001
|
| 080 |
|
|
|a 82-3"13/15"
|2 2001
|
| 100 |
1 |
|
|a Kušnierová, Edita,
|d 1948-
|4 aut
|9 70868
|
| 245 |
1 |
0 |
|a Štítnické epitafy - pamiatky výtvarného umenia a renesančnej poézie
|c Edita Kušnierová
|
| 300 |
|
|
|b Fotogr.
|
| 504 |
|
|
|a Bibliogr. odkazy
|
| 650 |
0 |
7 |
|a evanjelické kostoly
|2 snkbucl
|9 86148
|
| 650 |
0 |
7 |
|a epitafy
|2 snkbucl
|9 2787
|
| 650 |
0 |
7 |
|a renesančná poézia
|2 snkbucl
|9 106226
|
| 651 |
|
7 |
|a Štítnik (Slovensko)
|2 snkbucl
|9 18458
|
| 655 |
|
7 |
|a štúdie
|2 snkbucl
|9 57033
|
| 773 |
0 |
|
|t Gemer-Malohont. Ročník 6.-7.
|d Rimavská Sobota : Gemersko-malohontské múzeum, 2011
|g S. 156-164
|z 9788085134346
|
| 852 |
|
|
|a SNK
|b KIS3GCP
|
| 958 |
|
|
|a NB
|
| 999 |
|
|
|c 1314313
|d 1316243
|